| 000 | 00453nam a22001577a 4500 | ||
|---|---|---|---|
| 005 | 20140411123039.0 | ||
| 008 | 140411s2014 sp ||||| |||| 00| 0 spa d | ||
| 020 | _a9788497047616 | ||
| 100 | 1 |
_91204 _aMestre i Vergés, Jordi |
|
| 245 | _aIdentificación y conservación de fotografías | ||
| 250 | _a2a ed. | ||
| 260 |
_aGijón _bTrea _c2014 |
||
| 300 |
_a118 p. _c22 cm. |
||
| 490 | 0 |
_aBiblioteconomía y administración cultural _v88 |
|
| 942 |
_2udc _cMON |
||
| 999 |
_c6722 _d6722 |
||